LIBRARY & INFORMATION CENTRE, KCAET, TAVANUR

ONLINE PUBLIC ACCESS CATALOGUE (OPAC)

Code of practice for anti-termite measures in buildings, Part II Preconstructional chemical treatment measures,IS: 6313 (Part II)-1981 (Record no. 9957)

MARC details
000 -LEADER
fixed length control field 00949cam a2200145ua 4500
041 ## - LANGUAGE CODE
Language code of text/sound track or separate title eng
082 ## - DEWEY DECIMAL CLASSIFICATION NUMBER
Classification number 699.878
Item number IND/CO
245 00 - TITLE STATEMENT
Title Code of practice for anti-termite measures in buildings, Part II Preconstructional chemical treatment measures,IS: 6313 (Part II)-1981
260 ## - PUBLICATION, DISTRIBUTION, ETC. (IMPRINT)
Place of publication New Delhi :
Name of publisher Indian Standards Institution ,
Year of publication 1989.
300 ## - PHYSICAL DESCRIPTION
Number of Pages 18 ; .
942 ## - ADDED ENTRY ELEMENTS (KOHA)
Koha item type Books
Holdings
Withdrawn status Lost status Damaged status Home library Current library Date acquired Full call number Accession Number Koha item type
      KAUAET KAUAET 07/04/2012 699.878 17179 Standards
free website counter